000 00892 a2200253 4500
001 16144
005 20260407155457.0
008 260407a2004 arg spa d
003 AR-UNSa-BCEJYS
040 _aAR-UNSa-BCEJYS
_bspa
_cAR-UNSa-BCEJYS
080 _a657(083)
_xResoluciones Técnicas Contables. Informes
245 1 0 _aResoluciones técnicas 4 a 22
020 _a987-01-0296-4
264 1 _aBuenos Aires :
_bErrepar
_c2004
300 _a286 p.
_c28 cm.
041 _aspa
942 _cBK
590 _aniveau_biblio:m niveau_hierar:0
100 1 _aParada, Ricardo Antonio
700 1 _aFederación Argentina de Consejos Profesionales de Ciencias Económicas (FACPCE)
700 1 _aErrecaborde, José Daniel
700 1 _aCañada, Francisco Roberto
856 4 1 _uhttps://biblioeco.unsa.edu.ar/pmb/images/libros/Separatas de Legislacion-l87187.jpg
_yImagen de portada
_qimage/jpeg
999 _c703
_d703